Normal view
MARC view
- Newman, Daniel L.
Entry Personal Name
001 - CONTROL NUMBER
- control field: 41927
003 - CONTROL NUMBER IDENTIFIER
- control field: DLC
005 - DATE AND TIME OF LATEST TRANSACTION
- control field: 20181114102304.0
008 - FIXED-LENGTH DATA ELEMENTS
- fixed length control field: 020729n| azannaabn |a aaa
010 ## - LIBRARY OF CONGRESS CONTROL NUMBER
- LC control number: nb2002064850
- Canceled/invalid LC control number: n 2006086984
035 ## - SYSTEM CONTROL NUMBER
- System control number: (OCoLC)oca06252720
040 ## - CATALOGING SOURCE
- Original cataloging agency: Uk
- Language of cataloging: eng
- Description conventions: rda
- Transcribing agency: Uk
- Modifying agency: Uk
- Modifying agency: NNU-L
- Modifying agency: DLC
- Modifying agency: IEN
- Modifying agency: EG-ScBUE
100 1# - HEADING--PERSONAL NAME
- Personal name: Newman, Daniel L.
400 1# - SEE FROM TRACING--PERSONAL NAME
- Personal name: Newman, D. L.
- Fuller form of name: (Daniel L.)
400 1# - SEE FROM TRACING--PERSONAL NAME
- Control subfield: nnea
- Personal name: Newman, Daniel,
- Dates associated with a name: 1963-
670 ## - SOURCE DATA FOUND
- Source citation: An imam in Paris, c2004:
- Information found: t.p. (Daniel L. Newman) jkt. (PhD in Arabic lit. and lang., Univ. of London; Sen. Lect., Haute Ecole de Bruxelles) p.393 (D.L. Newman)
670 ## - SOURCE DATA FOUND
- Source citation: The Arabic/English thematic lexicon, 2007:
- Information found: ECIP data view (Daniel Newman b. 1963 holds a Ph.D. from Univ. of London)